000 01927nam a2200397Ic 4500
001 58116
003 CO-BoRNBP
005 20250815222412.0
007 ta
008 210819r2014 mx ad er 000 0 spa d
020 _a9786071702050
040 _aCO-BoRNBP
_bspa
_erda
_cCO-BoRNBP
041 0 _aspa
082 0 4 _a001.42
_bC65
_222
082 0 4 _a370.72
_bR73c
245 1 0 _aCompetencias para la investigación :
_bdesarrollo de habilidades y conceptos /
_cMaría Elena Rivera Heredia... [y otros cinco].
250 _aPrimera edición
_bReimpresión
264 1 _aMéxico :
_bEditorial Trillas,
_c2014
300 _a159 páginas :
_bilustraciones, cuadros
336 _atexto
_btxt
_2rdacontent
337 _asin mediación
_bn
_2rdamedia
338 _avolumen
_bnc
_2rdacarrier
500 _aIncluye índice onomástico y analítico
505 0 _aLa investigación y su proceso -- Cualidades personales del investigador -- Habilidades cognitivas. Dominio de herramientas computacionales -- Comunicaciones oral y escrita básicas -- Comunicaciones oral y escrita especializadas -- Dominio técnico básico -- Dominio técnico especializado: del marco teórico a las referencias -- Dominio técnico especializado: experiencia en investigación -- Ejercicios para el desarrollo de habilidades y competencias para la investigación
521 _aRecomendado para un público adulto
650 0 7 _aComunicación
_xinvestigaciones
_2LEMB
_962471
650 0 7 _aInvestigacion Cientifica
_xmetodología
_2LEMB
_92645
650 0 7 _aInvestigación cualitativa
_2lemb
_962472
700 _aArango Pinto, Luis Gabriel
_eaut
_962473
700 _aCaña Díaz, Lidia Elena
_eaut
_962474
700 _aGarcía Gil de Muñoz, Fernando Luis
_eaut
_962475
700 _aRivera Heredia, María Elena
_eaut
_962476
700 _aSalgado Brito, Rosa
_eaut
_962477
700 _aTorres Villaseñor, Claudia Karina
_eaut
_962478
942 _2ddc
_cBK
999 _c58116
_d58116